书目信息 |
| 题名: |
疼痛防治技巧
|
|
| 作者: | 周海旺 编著 | |
| 分册: | ||
| 出版信息: | 上海 上海科学技术出版社 2005 |
|
| 页数: | 218页 | |
| 开本: | 19cm | |
| 丛书名: | 健康自助丛书 | |
| 单 册: | ||
| 中图分类: | R441.1 | |
| 科图分类: | ||
| 主题词: | 疼痛--防治 | |
| 电子资源: | ||
| ISBN: | 7-5323-8043-2 | |
| 000 | 00897nam0 2200253 450 | |
| 001 | TS2006039671 | |
| 005 | 20061206142709.82 | |
| 010 | @a7-5323-8043-2@dCNY15.00 | |
| 100 | @a20060829d2005 em y0chiy0120 ea | |
| 101 | 0 | @achi |
| 102 | @aCN@b310000 | |
| 105 | @ay z 000yy | |
| 200 | 1 | @a疼痛防治技巧@Ateng tong fang zhi ji qiao@f周海旺等编著@Fzhou hai wang deng bian zhu |
| 210 | @a上海@c上海科学技术出版社@d2005 | |
| 215 | @a218页@d19cm | |
| 225 | 2 | @a健康自助丛书 |
| 304 | @a著者还有:金竞、龚建中、陈燕琴 | |
| 330 | @a本书主要介绍了一些常见疼痛性疾病的防治方法或措施。其中,对一些简单的、易于操作的治疗方法进行了重点介绍,在介绍治疗方法的同时,还对这些疼痛性疾病的预防和调护进行了详细介绍。 | |
| 410 | 0 | @12001 @a健康自助丛书 |
| 606 | 0 | @a疼痛@x防治 |
| 690 | @aR441.1@v4 | |
| 701 | 0 | @a周海旺@Azhou hai wang@4编著 |
| 801 | 0 | @aCN@b中图数据@c20061206 |
| 905 | @a10447@dR441.1@e51 | |
| 疼痛防治技巧/周海旺等编著.-上海:上海科学技术出版社,2005 |
| 218页;19cm.-(健康自助丛书) |
| ISBN 7-5323-8043-2:CNY15.00 |
| 本书主要介绍了一些常见疼痛性疾病的防治方法或措施。其中,对一些简单的、易于操作的治疗方法进行了重点介绍,在介绍治疗方法的同时,还对这些疼痛性疾病的预防和调护进行了详细介绍。 |
| ● |
| 相关链接 |
|
|
|
|
正题名:疼痛防治技巧
索取号:R441.1/51
 
预约/预借
| 序号 | 登录号 | 条形码 | 馆藏地/架位号 | 状态 | 备注 |
| 1 | 0616107 | 206161071 | 第二样本阅览室/ [索取号:R441.1/51] | 在馆 | |
| 2 | 0616108 | 206161080 | 第三借阅区/ [索取号:R441.1/51] | 在馆 | |
| 3 | 0616109 | 206161099 | 第三借阅区/ [索取号:R441.1/51] | 在馆 |